Site engineers manual (Record no. 103847)

MARC details
000 -LEADER
fixed length control field 02202cam a2200601 4500
008 - FIXED-LENGTH DATA ELEMENTS--GENERAL INFORMATION
fixed length control field 041116n2004 000 0 eng u
020 ## - INTERNATIONAL STANDARD BOOK NUMBER
International Standard Book Number 1870325249
035 ## - SYSTEM CONTROL NUMBER
System control number (Sirsi) u127982
041 ## - LANGUAGE CODE
Language code of text/sound track or separate title eng
050 ## - LIBRARY OF CONGRESS CALL NUMBER
Classification number 624
-- 18
100 ## - MAIN ENTRY--PERSONAL NAME
Personal name Doran, David
245 ## - TITLE STATEMENT
Title Site engineers manual
260 ## - PUBLICATION, DISTRIBUTION, ETC.
Place of publication, distribution, etc. Latheronwheel
Name of publisher, distributor, etc. Whittles
Date of publication, distribution, etc. 2004
300 ## - PHYSICAL DESCRIPTION
Extent xii, 452p.
Other physical details ill.
Dimensions 24cm.
350 ## - PRICE (NR) (BK AM CF MU VM SE) [OBSOLETE]
Price 30.99
520 ## - SUMMARY, ETC.
Summary, etc. Provides best practice guidance for engineers on site, covering all aspects of construction from receipt of materials to completion of the finished project. Chapters cover: quality management; working with the weather; construction plant; setting out; flexible roads and other paved areas; drains, sewers and services; earthworks and excavation; foundations; mastic asphalt; masonry; formwork, scaffolding, falsework and facade retention; reinforcement; concrete; structural steelwork; timber; exterior claddings and internal finishes; building engineering services; and health and safety in construction. Further reading.
650 ## - SUBJECT ADDED ENTRY--TOPICAL TERM
Topical term or geographic name entry element CONSTRUCTION PROJECTS
650 ## - SUBJECT ADDED ENTRY--TOPICAL TERM
Topical term or geographic name entry element SITE ENGINEER
650 ## - SUBJECT ADDED ENTRY--TOPICAL TERM
Topical term or geographic name entry element QUALITY MANAGEMENT
650 ## - SUBJECT ADDED ENTRY--TOPICAL TERM
Topical term or geographic name entry element PLANT AND MACHINERY
650 ## - SUBJECT ADDED ENTRY--TOPICAL TERM
Topical term or geographic name entry element DRAINAGE
650 ## - SUBJECT ADDED ENTRY--TOPICAL TERM
Topical term or geographic name entry element ROAD SURFACES
650 ## - SUBJECT ADDED ENTRY--TOPICAL TERM
Topical term or geographic name entry element EARTHWORKS
650 ## - SUBJECT ADDED ENTRY--TOPICAL TERM
Topical term or geographic name entry element EXCAVATION
650 ## - SUBJECT ADDED ENTRY--TOPICAL TERM
Topical term or geographic name entry element BUILT ENVIRONMENT-BUILDING ELEMENTS-COMPLETE BUILDING ELEMENTS-FOUNDATIONS
650 ## - SUBJECT ADDED ENTRY--TOPICAL TERM
Topical term or geographic name entry element MASTIC ASPHALT
650 ## - SUBJECT ADDED ENTRY--TOPICAL TERM
Topical term or geographic name entry element MASONRY
650 ## - SUBJECT ADDED ENTRY--TOPICAL TERM
Topical term or geographic name entry element REINFORCEMENT
650 ## - SUBJECT ADDED ENTRY--TOPICAL TERM
Topical term or geographic name entry element CONCRETE
650 ## - SUBJECT ADDED ENTRY--TOPICAL TERM
Topical term or geographic name entry element STRUCTURAL STEELWORK
650 ## - SUBJECT ADDED ENTRY--TOPICAL TERM
Topical term or geographic name entry element FACADE RETENTION
650 ## - SUBJECT ADDED ENTRY--TOPICAL TERM
Topical term or geographic name entry element TIMBER
650 ## - SUBJECT ADDED ENTRY--TOPICAL TERM
Topical term or geographic name entry element CLADDINGS
650 ## - SUBJECT ADDED ENTRY--TOPICAL TERM
Topical term or geographic name entry element CIVIL ENGINEERING
650 ## - SUBJECT ADDED ENTRY--TOPICAL TERM
Topical term or geographic name entry element INTERNAL FINISHES
650 ## - SUBJECT ADDED ENTRY--TOPICAL TERM
Topical term or geographic name entry element SCAFFOLDING
650 ## - SUBJECT ADDED ENTRY--TOPICAL TERM
Topical term or geographic name entry element HEALTH AND SAFETY
9 (RLIN) 6244
690 ## - LOCAL SUBJECT ADDED ENTRY--TOPICAL TERM (OCLC, RLIN)
Topical term or geographic name as entry element BUILDING AND CONSTRUCTION-ENGINEERING
700 ## - ADDED ENTRY--PERSONAL NAME
Personal name Armstrong, John
700 ## - ADDED ENTRY--PERSONAL NAME
Personal name Barnes, Brian
700 ## - ADDED ENTRY--PERSONAL NAME
Personal name Fullwood, John
700 ## - ADDED ENTRY--PERSONAL NAME
Personal name Henderson, Neil
700 ## - ADDED ENTRY--PERSONAL NAME
Personal name Langridge, Robert
700 ## - ADDED ENTRY--PERSONAL NAME
Personal name James, Malcolm
700 ## - ADDED ENTRY--PERSONAL NAME
Personal name Newman, Paul
700 ## - ADDED ENTRY--PERSONAL NAME
Personal name Oakhill, Anthony
700 ## - ADDED ENTRY--PERSONAL NAME
Personal name Pallett, Peter
700 ## - ADDED ENTRY--PERSONAL NAME
Personal name Richardson, Les
700 ## - ADDED ENTRY--PERSONAL NAME
Personal name Sheward, Martin
700 ## - ADDED ENTRY--PERSONAL NAME
Personal name Tomlinson, Michael
942 ## - ADDED ENTRY ELEMENTS (KOHA)
Suppress in OPAC 0
Holdings
Withdrawn status Lost status Source of classification or shelving scheme Damaged status Not for loan Home library Current library Shelving location Date acquired Cost, normal purchase price Total Checkouts Full call number Barcode Date last seen Date last checked out Copy number Cost, replacement price Price effective from Koha item type
    Other/Generic Classification Scheme     London London Books 16/12/2004 50.00 9 624 DOR 30067384 06/08/2019 01/08/2006 1 50.00 06/08/2019 Book